000 00526nam a2200193Ia 4500
003 GCL
008 140319s9999 xx 000 0 ara d
040 _aGCL /
_cGCL
082 0 4 _a398.9
_bح ح
100 1 _aحسن على
245 1 0 _aحكم وأمثال /
_cحسن على
260 _a[S.N] :
_bمكتبة مدبولى ،
_c1993
300 _a1660 ص
490 _a
650 0 4 _aالاهاجى والفكاهات
650 0 4 _aالادب الشعبى
650 0 4 _aالامثال العامية
942 _2ddc
_cBK
999 _c37350
_d37350